00358 a2200109 450000100060000008200120000610000480001824501170006626000340018330000080021750000230022591330 aPR 1226 aMalik Imran-e-Adalat; Prof Ismail (Advisor) aTo Develop a Computer Code for Subsonic floe over the wings by using Singularity Distribution methodn45 "A" EC aKarachibNED Universityc1996 a60p aBE Project Reports